00473nam a2200193 a 4500001001300000003000900013005001700022008004100039020000900080082001600089100002000105245001600125260004600141300000900187500003500196505001200231650001600243700002000259nice12345678IN_TiNIC20260116012829.0050524s1985 dela grp 000 0 urd  ac2500a891.41bRAA aRaaz, Layalpuri aRaaz-O-Niaz aDelhi bPayam-E-mashriq Book Depot c1985 a160p aincludes index and biblioraphy2 aIndexes aUrdu-Poetry1 aRaaz, Layalpuri